=LDR 00000nam 2200000 4500 =001 INLIS000000000002159 =005 20220118105937 =035 ##$$a 0010-0122000834 =245 1#$$a Laporan Kuliah Praktek Perawatan Dan Pemeliharaan Generator-SET PT. Tri Putra Sejati Makassar General Contractor Dan Suppler : $b Kuliah Kerja Praktek /$c Muh.Makbul =100 1#$$a MAKBUL, Muh =250 ##$$a 2018 =300 ##$$a ix, 64 halaman : $b Tabel, Gambar ; $c 20x29,3 cm =856 ##$$a OPAC (Rak KKP OSP 2018) =260 ##$$a Makassar :$b Politeknik ATI Makassar - Otomasi Sistem Permesinan,$c 2018 =082 ##$$a (R)2018 LKKP-OSP 818 =084 ##$$a (R)2018 LKKP-OSP 818 MAK l =650 #4$$a Laporan Praktek OSP 2018 =500 ##$$a Laporan Praktek OSP 2018 =990 ##$$a 207/LKKP OSP 2018